000 004310000a22001690004500
003 MACL
005 20151230134740.0
008 151230b xxu||||| |||| 00| 0 eng d
040 _aMACL
_cMACL
041 _aEnglish
082 _a323.44/RUS
100 _aRussell, Bertrand
_921287
245 _aFreedom And Organization
260 _bGeorge Allen & Unwing
_c1952
650 _aPolitical Science
_988
942 _cBK
_k323.3/Rus
_2ddc
999 _c35548
_d35548